000 00438pab a2200157 454500
008 180718b2001 xxu||||| |||| 00| 0 eng d
100 _aSenarclens, Pierre de
245 _aInternational organisations and the challenges of globlisation
260 _c2001
300 _ap.509-22
362 _aDec
650 _aGlobalization
650 _aInternational rganizations
773 _aInternational Social Science Journal
909 _a51014
999 _c51014
_d51014